000
00293nam a2200121Ia 4500
008
220216s9999 xx 000 0 und d
100
_a
Chakraborty Sugata
245
0
_a
Precipitated silica in tires
260
_b
Rubber World
_c
2013
300
_a
37-41
700
_a
Shah Darshak
942
_c
JS
999
_c
65451
_d
65451